Wycena bonitetu firmy.

Autor vysvetľuje pojmy bonita firmy, čo sa v nemčine označuje ako jej solídnosť a ďalšie podobné výrazy ako finančný standing či goodwill, kde sa kladie dôraz na zisk. Ďalej je to pojem reputácia, čiže dobré meno firmy, ktorého význam sa sústreďuje na schopnosť tvoriť zisk, postavenie firmy doma i v...

Descrizione completa

Salvato in:
Dettagli Bibliografici
Autore principale: Dlugosz, S.
Natura: Capitolo di libro
Lingua:polacco
Soggetti:
Tags: Aggiungi Tag
Nessun Tag, puoi essere il primo ad aggiungerne!!

MARC

LEADER 00000naa a2200000 4500
001 r005126
005 20221125122652.2
041 0 |a pol 
044 |a PL 
245 1 0 |a Wycena bonitetu firmy.  |c S. Dlugosz 
520 |a Autor vysvetľuje pojmy bonita firmy, čo sa v nemčine označuje ako jej solídnosť a ďalšie podobné výrazy ako finančný standing či goodwill, kde sa kladie dôraz na zisk. Ďalej je to pojem reputácia, čiže dobré meno firmy, ktorého význam sa sústreďuje na schopnosť tvoriť zisk, postavenie firmy doma i v zahraničí, jej vyhliadky, organizácia a kádre. 
610 2 0 |a firmy 
610 2 0 |a zisk podnikový 
610 2 0 |a organizácia podniku 
610 2 0 |a zamestnanci 
100 1 |a Dlugosz, S.